| 000 | 00418 a2200157 4500 | ||
|---|---|---|---|
| 003 | NUST | ||
| 005 | 20230210122848.0 | ||
| 040 | _cNust | ||
| 082 | _a070,NAZ | ||
| 100 |
_aNaz , Ahsan Akhtar _9108885 |
||
| 245 |
_aSahfati Ikhlaqiat سحافتی اخلاقیات (Urdu) / _c Dr Ahsan Akhtar Naz |
||
| 260 |
_aLahore _bAzeem Academy _c2005 |
||
| 300 | _a226:p. | ||
| 650 |
_aJournalism _9144 |
||
| 942 |
_2ddc _cBK _k070,NAZ |
||
| 999 |
_c188029 _d188029 |
||